LEADER 01062nam0 2200301 450 001 000012505 005 20090416101656.0 100 $a20080609d1955----km-y0itay50------ba 101 0 $aeng 102 $aGB 105 $ay-------001yy 200 1 $aReadings in fiscal policy$fselected by a committee of the American economic association$g[Arthur Smithies, J. Keith Butters editors] 210 $aLondon$cAllen & Unwin$d1955 215 $aX, 596 p.$d22 cm 225 2 $a<>American economic association series 410 0$12001$a<>American economic association series 500 10$aReadings in fiscal policy$957709 610 1 $aPolitica fiscale 676 $a336.3$v20$9Titoli pubblici, debito pubblico, spesa pubblica 702 1$aSmithies,$bArthur 702 1$aButters,$bJ. Keith 712 02$aAmerican economic association 801 0$aIT$bUNIPARTHENOPE$c20080609$gRICA$2UNIMARC 912 $a000012505 951 $a320/27$b4451$cNAVA2 951 $a320/24$b3363$cNAVA2 996 $aReadings in fiscal policy$957709 997 $aUNIPARTHENOPE LEADER 02601nam 2200577Ia 450 001 9910701099403321 005 20111219152907.0 035 $a(CKB)5470000002414038 035 $a(OCoLC)768773763 035 $a(EXLCZ)995470000002414038 100 $a20111219d2008 ua 0 101 0 $aeng 135 $aurmn||||||||| 181 $ctxt$2rdacontent 182 $cc$2rdamedia 183 $acr$2rdacarrier 200 00$aVDatum for the Long Island Sound, Narragansett Bay, and New York Bight$b[electronic resource] $etidal datums, marine grids, and sea surface topography /$fZhizhang Yang ... [and others] 210 1$a[Silver Spring, Md.] :$cU.S. Dept. of Commerce, National Oceanic and Atmospheric Administration, National Ocean Service, Office of Coast Survey, Coast Survey Development Laboratory,$d[2008] 215 $a1 online resource (x, 62 pages) $cillustrations, color maps 225 1 $aNOAA technical report NOS CS ;$v16 300 $aTitle from PDF title screen (viewed Dec. 15, 2011). 300 $a"November 2008." 320 $aIncludes bibliographical references (pages 37-39). 517 $aVDatum for the Long Island Sound, Narragansett Bay, and New York Bight 606 $aTides$zLong Island Sound (N.Y. and Conn.)$xMeasurement 606 $aTides$zRhode Island$zNarragansett Bay$xMeasurement 606 $aTides$zNew York Bight (N.J. and N.Y.)$xMeasurement 606 $aOcean surface topography$xMeasurement 606 $aHydrographic surveying$zLong Island Sound (N.Y. and Conn.) 606 $aHydrographic surveying$zRhode Island$zNarragansett Bay 606 $aHydrographic surveying$zNew York Bight (N.J. and N.Y.) 606 $aNumerical grid generation (Numerical analysis)$xComputer simulation 606 $aHydrodynamics$xMathematical models 615 0$aTides$xMeasurement. 615 0$aTides$xMeasurement. 615 0$aTides$xMeasurement. 615 0$aOcean surface topography$xMeasurement. 615 0$aHydrographic surveying 615 0$aHydrographic surveying 615 0$aHydrographic surveying 615 0$aNumerical grid generation (Numerical analysis)$xComputer simulation. 615 0$aHydrodynamics$xMathematical models. 701 $aYang$b Zhizhang$01417102 712 02$aUnited States.$bNational Oceanic and Atmospheric Administration. 712 02$aCoast Survey Development Laboratory (U.S.) 801 0$bGPO 801 1$bGPO 906 $aBOOK 912 $a9910701099403321 996 $aVDatum for the Long Island Sound, Narragansett Bay, and New York Bight$93531699 997 $aUNINA